King of the World (Record no. 9764)

MARC details
000 -LEADER
fixed length control field 00698nam a2200253 a 4500
020 ## - INTERNATIONAL STANDARD BOOK NUMBER
ISBN 0800853
082 00 - DEWEY DECIMAL CLASSIFICATION NUMBER
Classification number 954.029
Author Cutter EDW
100 ## - MAIN ENTRY--AUTHOR NAME
Author name Edwardes, Michael
245 ## - TITLE STATEMENT
Title King of the World
Sub title the Life and Times of Shah Alam Emperor of Hindustan
260 ## - PUBLICATION, DISTRIBUTION, ETC. (IMPRINT)
Place of publication New York
Name of publisher Taplinger Publications
Year of publication 1970
300 ## - PHYSICAL DESCRIPTION
Number of Pages 278p
500 ## - GENERAL NOTE
General note includes index and biblioraphy
505 2# - FORMATTED CONTENTS NOTE
Formatted contents note Bibliography, Index
650 ## - SUBJECT ADDED ENTRY--TOPICAL TERM
Topical Term India-History Mughal
650 ## - SUBJECT ADDED ENTRY--TOPICAL TERM
Topical Term Shah Alam-Emperor
942 ## - ADDED ENTRY ELEMENTS (KOHA)
Koha item type Books
700 1# -
-- Edwardes, Michael
Holdings
Collection code Home library Current library Date acquired Cost, normal purchase price Full call number Accession Number Koha item type
  Henry Martyn Institute Library Henry Martyn Institute Library 08/01/2007 563.50 954.029 EDW 016764 Books
                   Copyright © 2026 | Henry Martyn Institute | Hyderabad | TS-500052 | INDIA | Implemented by hmi.edu.in
Hit-Count:

Powered by Koha